| 000 | 00502nam a2200181Ia 4500 | ||
|---|---|---|---|
| 008 | 230524s9999 xx 000 0 und d | ||
| 020 | _a9788177584448 | ||
| 082 |
_a331.714 _bKEA |
||
| 100 | _aPaul G.Keat | ||
| 245 | 0 | _aManagerial Economics : Economic Tools For Today's Decision Makers | |
| 250 | _a5TH | ||
| 260 |
_aNEW DELHI _bPearson _c2009 |
||
| 300 | _aXVI;553 | ||
| 500 | _aQuantity Number: 5 | ||
| 650 | _aEconomics | ||
| 700 | _a" Philip K.Y.Young , Sreejata Banerjee,,," | ||
| 942 | _cBK | ||
| 999 |
_c44978 _d44978 |
||